Principles of management (Record no. 165349)

MARC details
000 -LEADER
fixed length control field 00348nam a2200145Ia 4500
008 - FIXED-LENGTH DATA ELEMENTS--GENERAL INFORMATION
fixed length control field 230917s9999||||xx |||||||||||||| ||und||
040 ## - CATALOGING SOURCE
-- 199464
Original cataloging agency VIVEKANANDA LIBRARY
041 ## - Language
-- English
082 ## - DDC NUMBER
Classification number 658 R18P
100 ## - MAIN ENTRY--PERSONAL NAME
Personal name Rao,V S P.
245 #0 - TITLE STATEMENT
Title Principles of management
260 ## - PUBLICATION, DISTRIBUTION, ETC. (IMPRINT)
Place of publication, distribution, etc Mumbai.
Name of publisher, distributor, etc Himalaya pub.House
Date of publication, distribution, etc 2011
300 ## - PHYSICAL DESCRIPTION
Pages 550 p.
942 ## - ADDED ENTRY ELEMENTS (KOHA)
Koha item type Books
Holdings
Withdrawn status Lost status Damaged status Not for loan Location (home branch) Sublocation or collection (holding branch) Shelving location Date acquired Koha issues (times borrowed) Koha full call number Accession No. Koha date last seen Koha item type
        VIVEKANANDA LIBRARY VIVEKANANDA LIBRARY IMSAR Library 31/05/2012   658 R18P 304362 17/09/2023 Books
        VIVEKANANDA LIBRARY VIVEKANANDA LIBRARY IMSAR Library 31/05/2012 4 658 R18P 304363 31/12/2025 Books
        VIVEKANANDA LIBRARY VIVEKANANDA LIBRARY IMSAR Library 31/05/2012 6 658 R18P 304364 31/12/2025 Books
        VIVEKANANDA LIBRARY VIVEKANANDA LIBRARY IMSAR Library 31/05/2012 1 658 R18P 304365 27/10/2025 Books
© Designed and Maintained by Vivekananda Library, MDU Rohtak